000 00613nam a22002297a 4500
003 UA-OsUOA
001 62258
007 ta
008 20090817b un ||||| |||| 00| 0 ukr d
100 _aШолохов М.
090 _a821.161.1
_bШ78
942 _cBK
040 _aUA-OsUOA
_brus
_cUA-OsUOA
_dUA-OsUOA
245 _aСобрание сочинений в восьми томах
300 _a382 с.
955 _a3
041 _arus
080 _a821.161.1
260 _aМ.
_bПравда
_c1975
650 7 _a82 Література. Літературознавство
_2UDC
999 _c347997
_d347997